Central Library OPAC University of Rajshahi

চিরভাস্বর মহানবী (সা.) / (Record no. 47220)

MARC details
000 -LEADER
fixed length control field 01203nam a2200253 a 4500
001 - CONTROL NUMBER
control field 47220
003 - CONTROL NUMBER IDENTIFIER
rucl marc code BD-RjUL
005 - DATE AND TIME OF LATEST TRANSACTION
control field 20211209054258.0
008 - FIXED-LENGTH DATA ELEMENTS--GENERAL INFORMATION
fixed length control field 160807s2006 bg ||||| |||| 00| 0 ben d
020 ## - INTERNATIONAL STANDARD BOOK NUMBER
International Standard Book Number 9644391241
Terms of availability : Tk. 300.00
035 ## - SYSTEM CONTROL NUMBER
System control number (BD-RjUL)47339
040 ## - CATALOGING SOURCE
Original cataloging agency BD-RjUL
Language of cataloging ben
Transcribing agency BD-RjUL
041 ## - LANGUAGE CODE
Language code of text/sound track or separate title ben
082 ## - DEWEY DECIMAL CLASSIFICATION NUMBER
Edition number 23
Classification number 297.63
Author mark and year SUC 2006
100 1# - MAIN ENTRY--PERSONAL NAME
Personal name সুবহানী, আয়াতুল্লাহ জাফর
9 (RLIN) 143774
245 10 - TITLE STATEMENT
Title চিরভাস্বর মহানবী (সা.) /
Statement of responsibility, etc. আয়াতুল্লাহ জাফর সুবহানী ; মোহাম্মদ মুনীর হোসেন খান, অনুবাদক ; আব্দুল মুকীত চৌধুরী, সম্পাদক
260 ## - PUBLICATION, DISTRIBUTION, ETC. (IMPRINT)
Place of publication, distribution, etc. বাংলাদেশ :
Name of publisher, distributor, etc. আন্তর্জাতিক প্রকাশনা সংস্থা,
Date of publication, distribution, etc. ২০০৬
300 ## - PHYSICAL DESCRIPTION
Pagination খণ্ড ;
Size ২৫ সেমি.
505 0# - FORMATTED CONTENTS NOTE
Formatted contents note খণ্ড ৫ --
650 ## - SUBJECT ADDED ENTRY--TOPICAL TERM
Topical term or geographic name as entry element ইসলামী নেতা
9 (RLIN) 143775
Topical term or geographic name as entry element Islamic leader
9 (RLIN) 143776
700 ## - ADDED ENTRY--PERSONAL NAME
Personal name চৌধুরী, আব্দুল মুকীত, সম্পাদক
942 ## - ADDED ENTRY ELEMENTS (KOHA)
Source of classification or shelving scheme Dewey Decimal Classification
Koha item type Books
Holdings
Lost status Source of classification or shelving scheme Damaged status Not for loan Collection code Permanent Location Current Location Shelving location Date acquired Source of acquisition Total Checkouts Full call number Date last seen Copy number Koha item type Date checked out
  Dewey Decimal Classification     Non-fiction Central Library, University of Rajshahi Central Library, University of Rajshahi   21/07/2008 Iran embassy, Dhaka   B 297.63 SUC V-5 2006 07/08/2016 C-2 Books  
  Dewey Decimal Classification     Non-fiction Central Library, University of Rajshahi Central Library, University of Rajshahi   21/07/2008 Iran embassy, Dhaka 2 B 297.63 SUC V-2 2006 08/11/2022 C-2 Books 23/10/2022